| 000 | 00455 a2200157 4500 | ||
|---|---|---|---|
| 020 | _a1-904151-05-1 | ||
| 040 |
_aDLC _bDLC |
||
| 100 | 1 | _aWilton, Paul | |
| 245 | 0 | 0 |
_aPractical JavaScript for the usable web _cPaul Wilton, Stephen Williams and Sing Li |
| 260 |
_aBirmingham : _bglasshaus, _ccop. 2002 |
||
| 300 |
_av, 391 s, : _bill. |
||
| 440 | 0 | _aTools of the trade | |
| 700 | 1 | _aWilliams, Stephen | |
| 700 | 1 | _aLi, Sing | |
| 942 |
_cBK _k005.2762 WIL _2ddc |
||
| 999 |
_c6425 _d6425 |
||